| 000 | nam a22 a 4500 | ||
|---|---|---|---|
| 999 |
_c175675 _d175675 |
||
| 003 | BLK | ||
| 005 | 20220808132807.0 | ||
| 008 | 180411b bul|||||r ||||||| ||bul|| | ||
| 010 | _aKNG00184269000 | ||
| 040 | _aBLK | ||
| 041 |
_aBUL _cBUL |
||
| 080 |
_aРуска литература _b821.161.1 _x-3 _z821.161.1-3 |
||
| 100 | 1 |
_aКасил, Лев Абрамович _eпърви автор _9378710 |
|
| 139 |
_aКасил, Лев Абрамович _bК 45 |
||
| 245 | 1 | 0 |
_aВратарят на републиката _bРоман _cЛев Абрамович Касил; прев. от рус. Людмил Стоянов. |
| 257 | _aSUN | ||
| 260 |
_bМедицина и физкултура _c1972 _fПловдив : печ. Д. Благоев _aСофия |
||
| 300 |
_a280 с. _bс ил. _c20 см |
||
| 380 | _aX | ||
| 490 |
_aПоредица Стадион _9205577 |
||
| 500 | _aОриг. загл. Вратарь республики | ||
| 700 | 1 |
_aСтоянов, Людмил _eпрев. от рус. _gЗлатарев, Георги Стоянов _9367666 |
|
| 852 |
_aЦб 62747 _bЦб |
||
| 856 | 4 | _qpdf | |
| 856 | 4 | _qpdf | |
| 942 |
_cKNG _n0 _s1 |
||
| 944 |
_aCR _c29.10.2015 _kРенета_Константинова |
||
| 944 |
_aED _c11.09.2017 _kПенка_Димитрова |
||
| 999 | _d175675 | ||